Responses for Show #2293 - Wednesday, July 20, 1994

1994 Seniors Tournament semifinal game 3.

Contestants

[<< previous game]

Jim Brachman, a retired attorney from Boca Raton, Florida

Darrell Noe, a postal carrier from Fort Worth, Texas

Liz Susie, a retired teacher from Elkton, Maryland

[next game >>]

Jeopardy! Round responses

THE BIBLE
MUSICAL THEATRE
TRAVEL & TOURISM
THE OLD WEST
ORGANIZATIONS
ᗡƎƧЯƎVƎЯ
    $100 11
John the Baptist

Darrell
    $100 1
Hello, Dolly!

Liz
    $100 3
passports

Jim
    $100 18
gold (at Sutter's Mill)

Darrell
    $100 16
Amelia Earhart

Jim
    $100 26
hummingbirds

Liz
    $200 12
Matthew

Darrell
    $200 2
the Man of La Mancha

Darrell
    $200 4
United Airlines

Jim
    $200 19
(Jim: What is sagebrush?)

tumbleweeds

DarrellJim
    $200 17
Tiddlywinks

Darrell
    $200 27
a phonograph (record player)

Jim
    $300 13
manna

Liz
    $300 8
(Samuel) Beckett

Darrell
    $300 5
Plymouth, Mass.

Darrell
    $300 20
bounty hunters

Liz
    $300 23
Racial Equality

Darrell
    $300 28
rainbows

Jim
    $400 14
Joseph

Jim
    $500 9
(Alex: The "Fugue For Tinhorns".)
...
[The song was reprised going into the break.]

Guys and Dolls

Darrell
    $400 6
Hong Kong

Jim
    $400 21
Oklahoma

Darrell
    $400 24
the Audubon Society

Jim
    $400 29
da Vinci

Darrell
    $500 15
King Saul

Triple Stumper
    $500 10
On the Town

Jim
    $500 7
Atlanta

Liz
    $500 22
homesteaders

Jim
    $500 25
the Sweet Adelines

Darrell
    $500 30
(Liz: [Shakes head] Forgot.)

(Dick) Fosbury

LizJim

Scores at the first commercial break (after clue 15):

Liz Darrell Jim
$900 $1,600 $1,600

Scores at the end of the Jeopardy! Round:

Liz Darrell Jim
$800 $3,700 $3,400

Double Jeopardy! Round responses

EUROPEAN RULERS
LAKES
PHILOSOPHY
MYTHS & LEGENDS
WOMEN AUTHORS
"MOORE" OR "LES"
    $200 7
Napoleon Bonaparte

Jim
    $200 2
the (Great) Salt Lake

Liz
    $200 26
Karl Marx

Darrell
    $200 16
the owl

Liz
    $200 1
Emily Post

Darrell
    $200 21
Garry Moore

Darrell
    $400 8
Ferdinand & Isabella

Jim
    $400 12
Japan

Liz
    $400 27
Darwin

Jim
    $400 17
the unicorn

Darrell
    $400 3
Danielle Steel

Triple Stumper
    $400 22
Les Paul

Darrell
    $600 9
Athens

Liz
    $600 13
Lake Victoria

Darrell
    $3,000 28
logic

Jim
    $600 18
vampires

Darrell
    $600 4
P.D. James

Liz
    $600 23
Clement Moore

Darrell
    $800 10
Moscow

Jim
    $800 14
Superior

Liz
    $800 29
Kierkegaard

Jim
    $800 19
Valhalla

Darrell
    $800 5
Anna and the King of Siam

Jim
    $800 24
Les Aspin

Darrell
    $1000 11
Maria Theresa

Darrell
    $1000 15
Lake Lucerne

Triple Stumper
    $1000 30
Nietzsche

Jim
    $1000 20
King Priam

Triple Stumper
    $700 6
(Jim: [Says nothing])

Rebecca

Jim
    $1000 25
Henry Moore

Liz

Scores at the end of the Double Jeopardy! Round:

Liz Darrell Jim
$4,600 $9,500 $10,100

[wagering suggestions for these scores]

Final Jeopardy! Round responses

BUSINESS & INDUSTRY
LizWhat is Motorola
$100
DarrellWhat is Delco?
$601
JimWhat is Motorola?
$8,901
Motorola

Final scores:

Liz Darrell Jim
$4,700 $8,899 $19,001
3rd place: $5,000 2nd place: $5,000 Finalist

Game dynamics:

Coryat scores:

Liz Darrell Jim
$4,600 $9,400 $8,400
12 R,
1 W
24 R
(including 1 DD),
0 W
19 R
(including 1 DD),
2 W
(including 1 DD)

Combined Coryat: $22,400

[game] [game scores] [suggest correction]

Game tape date: 1994-03-08
The J! Archive is created by fans, for fans. Scraping, republication, monetization, and malicious use prohibited; this site may use cookies and collect identifying information. See terms. The Jeopardy! game show and all elements thereof, including but not limited to copyright and trademark thereto, are the property of Jeopardy Productions, Inc. and are protected under law. This website is not affiliated with, sponsored by, or operated by Jeopardy Productions, Inc. Join the discussion at JBoard.tv.